000 00217nam a22000977a 4500
020 _a9781338572230
100 _aHashimoto, Meika,
245 _aBound for Home
260 _aNew York
_bScholastic
_c2020.
942 _cBK
999 _c265934
_d265933